Schiller

Сохранить в:
Библиографические подробности
Главный автор: Tell, William
Формат:
Язык:Undetermined
Опубликовано: New York, Estados Unidos Borron´s Educational Series, Inc. [s.f.]
Предметы:
Метки: Добавить метку
Нет меток, Требуется 1-ая метка записи!

MARC

LEADER 00000nam a2200000Ia 4500
008 170316s9999 xx 000 0 und d
040 |a cru BVZT 
090 |a 830 T-1s 
100 |a Tell, William 
245 |a Schiller 
260 |a New York, Estados Unidos  |b Borron´s Educational Series, Inc.  |c [s.f.] 
300 |a 125 páginas 
650 |a LITERATURA ALEMANA 
999 |c 7438  |d 7438 
942 |c 15 D  |h 830 T-1s  |2 z